S.O.S. znalostnej samosprávy pre regionálny rozvoj
S.O.S. znalostnej samosprávy predstavuje podstatu jej postavenia, t. j. že je v pozícii Subjektu (tvorí prostredie pre šírenie a ukotvenie znalostí a inovácií), Objektu (implementuje znalosti a inovácie do svojej činnosti) a súčasťou tejto pozície je Spolupráca s ostatnými aktérmi regionálneho rozvo...
Salvato in:
| Autore principale: | |
|---|---|
| Natura: | Capitolo di libro |
| Lingua: | slovacco |
| Soggetti: | |
| Tags: |
Nessun Tag, puoi essere il primo ad aggiungerne!!
|
MARC
| LEADER | 00000nla a2200000 4500 | ||
|---|---|---|---|
| 001 | 0152643 | ||
| 005 | 20240605104108.1 | ||
| 041 | 0 | |a slo | |
| 044 | |a SK | ||
| 245 | 1 | 0 | |a S.O.S. znalostnej samosprávy pre regionálny rozvoj |c Elena Žárska |
| 520 | |a S.O.S. znalostnej samosprávy predstavuje podstatu jej postavenia, t. j. že je v pozícii Subjektu (tvorí prostredie pre šírenie a ukotvenie znalostí a inovácií), Objektu (implementuje znalosti a inovácie do svojej činnosti) a súčasťou tejto pozície je Spolupráca s ostatnými aktérmi regionálneho rozvojového procesu (dosahovanie synergického efektu pri zhodnocovaní znalostí a inovácií). Príspevok sa zaoberá danými reláciami a identifikuje ich na základe prieskumu v samosprávach obcí SR. | ||
| 610 | 2 | 0 | |a samospráva miestna |
| 610 | 2 | 0 | |a technológie informačné |
| 610 | 2 | 0 | |a technológie komunikačné |
| 610 | 2 | 0 | |a manažment znalostný |
| 610 | 2 | 0 | |a financie |
| 610 | 2 | 0 | |a partnerstvo verejno-súkromné |
| 610 | 2 | 0 | |a podpora podnikania |
| 610 | 2 | 0 | |a rozvoj regionálny |
| 610 | 2 | 0 | |a inovácia |
| 610 | 2 | 0 | |a vzdelávanie |
| 610 | 2 | 0 | |a výskum |
| 610 | 2 | 0 | |a Slovensko |
| 100 | 1 | |a Žárska, Elena, 1955- | |